[Event "KAZ-ch sf"]
[Site "Pavlodar"]
[Date "2016.02.07"]
[Round "2"]
[White "Bagashev, Azat"]
[Black "Arestanov, Timur"]
[Result "1/2-1/2"]
[WhiteElo "2107"]
[BlackElo "2261"]
[PlyCount "85"]
[EventDate "2016.02.05"]
[EventType "swiss"]
[EventRounds "9"]
[EventCountry "KAZ"]
[SourceTitle "CBM 171 Extra"]
[Source "ChessBase"]
[SourceDate "2016.04.26"]
[SourceVersion "1"]
[SourceVersionDate "2016.04.26"]
[SourceQuality "1"]

1. d4 d5 2. Nf3 c6 3. g3 Nf6 4. Bg2 g6 5. 0-0 Bg7 6. Nbd2 0-0 7. Ne5 Nbd7 8. Ndf3 Ne4 9. a4 a5 10. c4 Nd6 11. cxd5 cxd5 12. b3 Nf6 13. Ba3 Nfe4 14. Rc1 Qb6 15. Bc5 Qa6 16. e3 Bf5 17. Re1 b6 18. Ba3 Rfc8 19. Bf1 Qb7 20. g4 Be6 21. Nd2 Rxc1 22. Bxc1 Nc3 23. Qf3 f6 24. Nd3 Qd7 25. h3 g5 26. Bb2 Nce4 27. Qd1 h5 28. f3 Ng3 29. Bg2 Rc8 30. Kh2 h4 31. e4 Qc7 32. e5 fxe5 33. Nxe5 Nf7 34. f4 gxf4 35. Ndf3 Qc2 36. Qxc2 Rxc2 37. Ba3 Ne2 38. Ng6 Bxd4 39. Rxe2 Rxe2 40. Nxd4 Rd2 41. Nf3 Rd3 42. Nxf4 Rxb3 43. Bxe7 1/2-1/2

[Event "Pavlodar op"]
[Site "Pavlodar"]
[Date "2008.12.??"]
[Round "7"]
[White "Bagashev, Azat"]
[Black "Egorov, Evgeni"]
[Result "0-1"]
[WhiteElo "2098"]
[BlackElo "2363"]
[PlyCount "66"]
[EventDate "2008.12.??"]
[EventType "swiss"]
[EventRounds "11"]
[EventCountry "KAZ"]
[SourceTitle "EXT 2010"]
[Source "ChessBase"]
[SourceDate "2010.11.25"]
[SourceVersion "1"]
[SourceVersionDate "2010.11.25"]
[SourceQuality "1"]

1. d4 d5 2. c4 dxc4 3. Nc3 Nc6 4. e3 e5 5. d5 Nce7 6. Bxc4 a6 7. a4 Nf6 8. Qb3 Nf5 9. Nf3 Bd6 10. Nd2 0-0 11. h4 Re8 12. h5 e4 13. Be2 c6 14. g4 Nxe3 15. fxe3 Bg3+ 16. Kd1 cxd5 17. Kc2 Be6 18. Qb4 Bxg4 19. Nb3 Bd6 20. Qd4 Bf3 21. Bxf3 exf3 22. Bd2 Rc8 23. Raf1 b5 24. axb5 axb5 25. Kb1 b4 26. Nxd5 Be5 27. Nxf6+ Qxf6 28. Qg4 Qa6 29. Qf5 g6 30. hxg6 hxg6 31. Rfg1 Bg7 32. Qd7 Red8 33. Nc5 Rxd7 0-1

[Event "Pavlodar op"]
[Site "Pavlodar"]
[Date "2007.12.20"]
[Round "7"]
[White "Bagashev, Azat"]
[Black "Grebenschikov, Vladimir"]
[Result "0-1"]
[WhiteElo "2093"]
[BlackElo "2307"]
[PlyCount "78"]
[EventDate "2007.12.16"]
[EventType "swiss"]
[EventRounds "11"]
[EventCountry "KAZ"]
[SourceTitle "CBM 122 Extra"]
[Source "ChessBase"]
[SourceDate "2008.03.04"]
[SourceVersion "1"]
[SourceVersionDate "2008.03.04"]
[SourceQuality "1"]

1. d4 g6 2. Nf3 Bg7 3. g3 c5 4. c3 cxd4 5. cxd4 Nc6 6. Bg2 Qb6 7. e3 Nf6 8. 0-0 0-0 9. Nc3 d6 10. d5 Nb4 11. a3 Na6 12. Nd4 Bg4 13. Qd2 Rfc8 14. b4 Bd7 15. Bb2 Nc7 16. Nb3 Nb5 17. Nxb5 Bxb5 18. Rfc1 Ba4 19. Na5 Qb5 20. Rxc8+ Rxc8 21. Rc1 Qd7 22. Rxc8+ Qxc8 23. Qc3 Qxc3 24. Bxc3 b6 25. Bxf6 Bxf6 26. Nc6 a6 27. Bf1 b5 28. Nd4 Kf8 29. h4 Ke8 30. Kh2 Kd7 31. Bh3+ Kc7 32. Bg2 Bd1 33. Kg1 Bg4 34. f3 Bd7 35. Kf2 e5 36. Ne2 Bf5 37. e4 Bd7 38. Bf1 Kd8 39. Ng1 Ke8 0-1

[Event "Pavlodar op"]
[Site "Pavlodar"]
[Date "2007.12.18"]
[Round "4"]
[White "Aitbayev, Aslan"]
[Black "Bagashev, Azat"]
[Result "1-0"]
[WhiteElo "2233"]
[BlackElo "2093"]
[PlyCount "47"]
[EventDate "2007.12.16"]
[EventType "swiss"]
[EventRounds "11"]
[EventCountry "KAZ"]
[SourceTitle "CBM 122 Extra"]
[Source "ChessBase"]
[SourceDate "2008.03.04"]
[SourceVersion "1"]
[SourceVersionDate "2008.03.04"]
[SourceQuality "1"]

1. e4 e5 2. Nf3 Nc6 3. Bb5 d6 4. 0-0 Nf6 5. Re1 Bg4 6. c3 Be7 7. d3 0-0 8. Nbd2 Re8 9. Nf1 a6 10. Ba4 b5 11. Bc2 Bf8 12. h3 Bh5 13. Ng3 Bg6 14. Nh2 d5 15. Qf3 d4 16. Bg5 h6 17. Bh4 Be7 18. Nf5 Bxf5 19. Qxf5 g6 20. Qf3 g5 21. Bg3 Qd7 22. Bb3 Rad8 23. Ng4 Kg7 24. Bxe5 1-0